000 00662nam a2200205 i 4500
001 26047
003 ES-MaACL
005 20240430133602.0
007 t|
008 030107s1972 sp ||||1| cat d
100 1 _aArtells, Juan José.
_923449
245 1 0 _aBarça, Barça, Barça... /
_cJoan Josep Artells ; proleg de Manuel Vázquez Montalbán ; [text revisat per Josep María Lladó].
250 _a[1ª ed.].
260 _aBarcelona :
_bLaia,
_c[1972]
300 _a221 p. ;
_c20 cm.
700 0 _aVázquez Montalbán, Manuel,
_d1939-
_9113463
700 1 _aLladó, Josep M.
_972646
852 _aES-MaACL
_jC-48967
_bR.84456
999 _c26047
_d26047